000 011550000a22003610004500
090 _aAR
_b04097
245 1 0 _aTropical tree a-diversity
_sresults from a worldwide network of large plots
041 0 _aInglés
700 1 _aAshton, Peter
_997984
700 1 _aBalslev, Henrik
_96427
700 1 _aBrokaw, Nicholas
_997985
700 1 _aBunyavejchwin, Sarayudh
_997986
700 1 _aChuyong, George
_997987
700 1 _aCo, Leonard
_997988
700 1 _aShivaramaiah Dattaraja, Handanakeres
_997989
700 1 _aDavies, Stuart
_997990
700 1 _aEsufall, Gunatilleke
_997991
700 1 _aEwango, Corneille
_997992
700 1 _aFoster, Robin
_997993
700 1 _aGunatilleke, Nimal
_997994
700 1 _aGunatilleke, Savi
_997995
700 1 _aHernandez, Consuelo
_997996
700 1 _aHubbell, Stephen
_997997
700 1 _aJohn, Robert
_997998
700 1 _aKenfack, David
_997999
700 1 _aKiratiprayoon, Somboon
_998000
700 1 _aHall, Pamela
_998001
700 1 _aHart, Terese
_998002
700 1 _aItoh, Akira
_998003
100 1 _aCondit, Richard
_99463
942 _cARTICULO
773 1 _tBiol. Skr.
_q565-582
_d2005
_g55
999 _c13195
_d13195